Loading...
Poems and fables of John Dryden /
| Other Authors: | |
|---|---|
| Format: | Printed Book |
| Language: | English |
| Published: |
Oxford University Press,
1962.
|
| LEADER | 00375nam a2200121Ia 4500 | ||
|---|---|---|---|
| 008 | 150624b xxu||||| |||| 00| 0 eng d | ||
| 245 | |a Poems and fables of John Dryden / | ||
| 260 | |b Oxford University Press, |c 1962. | ||
| 300 | |a 864 p. | ||
| 700 | |a Kinsely, James |e editor. | ||
| 942 | |c BK | ||
| 999 | |c 40 |d 40 | ||
| 952 | |0 1 |1 0 |4 0 |7 0 |9 39 |a UL |b UL |c ST1 |d 1998-09-01 |l 0 |p 1547 |r 2012-10-27 |w 2012-10-27 |y BK | ||